| 000 | 00580 a2200157 4500 | ||
|---|---|---|---|
| 020 | _a0007111487 | ||
| 040 |
_aDLC _bDLC |
||
| 082 | _a823.912 | ||
| 100 | _aAgatha Christie | ||
| 245 |
_aPostern of fate _cAgatha Christie |
||
| 260 |
_aLondon: _bHarper Collins Publishers, _c1973. |
||
| 300 |
_a399 p. ; _b19 cm. |
||
| 500 | _aIncludes Index | ||
| 650 | _a1.Beresford, Tommy (Fictitious character) --Fiction.2.Beresford, Tuppence (Fictitious character) --Fiction. 3.Private investigators --England --Fiction.4.Married people --England --Fiction. | ||
| 942 |
_cBK _k823.912 CHR _2ddc |
||
| 999 |
_c513213 _d513213 |
||